| 000 | 01087naa a2200241 c 4500 | ||
|---|---|---|---|
| 001 | 48058 | ||
| 003 | ES-MaCES | ||
| 005 | 20220719115606.0 | ||
| 008 | 160902s2016 sp ||||| t||||||| ||spa d | ||
| 040 |
_aES-MaCES _bspa _cES-MaCES _dES-MaCES |
||
| 100 | 1 |
_916828 _aLópez Aniorte, María del Carmen |
|
| 245 | 1 | 3 |
_aLa difusa e incompleta configuración subjetiva del RETA en la LGSS 2015 _cMaría del Carmen López Aniorte |
| 610 | 1 | 7 |
_aEspaña _tLey general de la Seguridad Social, 2015. Texto refundido _2 _936412 |
| 650 | 4 |
_930170 _atrabajo a cuenta propia |
|
| 650 | 4 |
_928412 _atrabajador independiente |
|
| 650 | 4 |
_930800 _arégimen especial de trabajadores autónomos |
|
| 650 | 4 |
_929855 _alegislación de seguridad social |
|
| 650 | 4 |
_930106 _acotizaciones |
|
| 653 | 1 | 0 | _aDerecho del trabajo y Seguridad Social |
| 773 | 0 |
_984722 _dAlbacete (Concepción, 12, 2º izda., 02002) Bomarzo 1998- _o087620 _tRevista de derecho social _w(ES-MaCES)25695 _gn. 73 (en.-marzo 2016) {10693 R. 087620} ;p. 45-68 |
|
| 902 | _aART Artículo de revista | ||
| 942 |
_2CES _cAR _h6.0.1. |
||
| 999 |
_c48058 _d48058 |
||